| 000 -LEADER | |
|---|---|
| fixed length control field | 00435nam a2200157 a 4500 |
| 020 ## - INTERNATIONAL STANDARD BOOK NUMBER | |
| ISBN | 0030983673 |
| 050 00 - LIBRARY OF CONGRESS CALL NUMBER | |
| Classification number | HF5415.2 |
| 100 1# - MAIN ENTRY--AUTHOR NAME | |
| Personal name | Churchill, Gilbert A. |
| 245 10 - TITLE STATEMENT | |
| Title | Basic marketing research / |
| 250 ## - EDITION STATEMENT | |
| Edition statement | 3rd ed. |
| 260 ## - PUBLICATION, DISTRIBUTION, ETC. (IMPRINT) | |
| Place of publication | Fort Worth : |
| Name of publisher | Dryden Press, |
| Year of publication | c1996. |
| 300 ## - PHYSICAL DESCRIPTION | |
| Number of Pages | xvii, 863 p. : |
| Other physical details | col. ill., col. maps ; |
| 500 ## - GENERAL NOTE | |
| General note | One "Statistics command summary" chart inserted. |
| 650 #0 - SUBJECT ADDED ENTRY--TOPICAL TERM | |
| Topical Term | Marketing research. |
| 942 ## - ADDED ENTRY ELEMENTS (KOHA) | |
| Koha item type | Books |
| Koha item type | Collection code | Shelving location | Accession Number | Permanent Location | Current Location | Date acquired | Full call number |
|---|---|---|---|---|---|---|---|
| Books | Lending | Lending | 2472 | Chapman Library | Chapman Library | 2016-01-19 | HF5415chu |
| Books | Lending | Lending | 2473 | Chapman Library | Chapman Library | 2016-01-19 | HF5415chu |

